01077nam a2200265 a 450000100100000000500170001000800410002704000250006808200180009310000330011124500680014426000710021230000210028349000690030449000310037365000360040465000490044065000340048983000730052383000370059691000360063304900090066995201160067899900170079400002866320260521100706.0110411s1996 dr ac 001 0 spa d aDO-SdBNPbspacBNPHU a720.28bR893t1 aRozas Aristy, Eduardo93777710aTeoría del diseño arquitectónico /cEduardo Rozas Aristy. aSanto Domingo :bUniversidad Autónoma de Santo Domingo :,c1996. a148 P. ;c28 cm.1 aPublicaciones de la Universidad Autónoma de Santo Domingov7841 aCiencia y tecnologíav28 0aDiseño arquitectónico91824 4aArquitecturaxAspectos psicológicos955632 4aArquitecturaxHistoria941900 aPublicaciones de la Universidad Autónoma de Santo Domingov784952 0aCiencia y tecnologían8955633 aValidado. Control de la calidad aBNPD 0010718PDaPDbPDcCTd2011-04-11iLF1l0o720.28 R893tp28663-10r2020-06-25w2020-06-25yLFPDZNo se presta c28155d28155